000
00298nam a2200121 a 4500
008
101026s1969|||| d
100
1
_a
Marainiová, Dacia
245
1
0
_a
Nikto sa nepamätá
041
_a
slo
260
_b
Slovenský spisovateľ
_a
Bratislava
_c
1969
020
_c
16
044
_a
xo
_c
SK
999
_c
12310
_d
12310